Základy teórie chaosu a fraktály v numerickej matematike

Bibliographic Details
Main Authors: Hanč, Jozef, 1974- (Author), Tuleja, Slavomír, 1974- (Author)
Format: Article
Language:Slovak
ISBN:8088946131

MARC

LEADER 00000naa a2200000uu 4500
001 vtls011055066
003 SK-MaSNL
005 20260302115446.0
008 210910|2001 xo |||||||||||||||||slo|
015 |a SNBRA 
035 |a (urnnbn)urn:nbn:sk:snk:ar-a0bxx0 
035 |a (uuid)6536bb78-c34f-4f5e-a59a-fc7f6e901b48 
035 |a urn:nbn:sk:snk-aav4lc 
040 |a SNKBUCL  |b slo  |c SNKBUCL  |e AACR2 
041 0 |a slo 
044 |a xo  |c SK 
100 1 |a Hanč, Jozef,  |d 1974-  |4 aut  |9 204580 
245 1 0 |a Základy teórie chaosu a fraktály v numerickej matematike  |c Jozef Hanč, Slavomír Tuleja 
700 1 |a Tuleja, Slavomír,  |d 1974-  |4 aut  |9 205456 
773 0 |t PRASTAN 2001  |d Bratislava : Slovenská štatistická a demografická spoločnosť, 2001  |g S. 35-38  |z 8088946131 
958 |a OND 
958 |a article12 
958 |a chapter 
999 |c 1264813  |d 1266743